000 00289nam a2200121Ia 4500
008 230917s9999||||xx |||||||||||||| ||und||
040 _e141566
_aMAIN
041 _aEnglish
082 _a910.02 B768F
100 _aBriggs, David
245 0 _aFundamantal of physical geography
942 _cBK
999 _c85538
_d85538